Statistics for Footballers by Picture - Canada

Click here to take the quiz!

General Stats

  • This quiz has been taken 28 times
  • The average score is 5 of 26

Answer Stats

Answer% Correct
Alphonso Davies
96%
Atiba Hutchinson
54%
Jonathan David
46%
Tajon Buchanan
42%
Junior Hoilett
38%
Milan Borjan
38%
Christine Sinclair
29%
Cyle Larin
29%
Jonathan Osorio
29%
Stephen Eustáquio
25%
Dwayne De Rosario
21%
Samuel Piette
17%
Kadeisha Buchanan
13%
Allysha Chapman
8%
Ashley Lawrence
8%
Jessie Fleming
8%
Julián de Guzmán
8%
Sophie Schmidt
8%
Desiree Scott
4%
Diana Matheson
4%
Janine Beckie
4%
Kamal Miller
4%
Paul Stalteri
4%
Stephanie Labbé
4%
Charmaine Hooper
0%
Melissa Tancredi
0%

Score Distribution

Percentile by Number Answered

Percent of People with Each Score

Your Score History

You have not taken this quiz